000 00265nam a22001217a 4500
082 _a894.812.1
_bMUD/V
100 _aMUDRA
245 _aVANDE MATHARAM
260 _aERNAKULAM
_bMUSIC ZONE
300 _bCD
650 _aMALAYALAM PATRIOTIC SONGS
_zKERALA
942 _cBK
999 _c8022
_d8022